000 00973nmm a2200289 a 4500
001 ocm0002147059
003 TR-IsHL
005 20201028183807.0
008 190423s2016 tu tur
007 cr cn
020 _a9786059319065
035 _a2147059
_b(N$T)
050 0 4 _aHC495.E5
_bA43 2016
090 0 4 _aHC495.E5
_bA43 2016
100 1 _aAlgül, Engin
245 1 0 _aTürkiye için çevre politikaları
_h[electronic resource] /
_cEngin Algül ; editör İsmet Gülseçgin
250 _a1. Baskı
260 _aİstanbul :
_bPales Yayınları,
_c2016
300 _a143 p.
650 4 _aÇevre Bilimleri
650 4 _aEnvironmental Sciences
650 0 _aÇevre politikası
_x Türkiye
650 0 _aEnvironmental policy
_x Turkey
650 7 _aPOLITICAL SCIENCE / Public Policy / Environmental Policy
700 1 _aGülseçkin, İsmet
856 4 0 _uhttp://search.ebscohost.com/login.aspx?direct=true&scope=site&db=e011xww&AN=2147059
999 _c20703
_d20703